00349nam a2200109Ia 4500008004100000100001800041245004200059260002600101260000900127999001700136952008600153170620s9999 xx 000 0 und d aRajput- J. S. 0aSymphony of Human Values in Education bNew Delhi- N.C.E.R.T. c1999 c23882d23882 00102ddc4070a05b05d2017-07-03e84l0p05-B-2725r2017-07-03w2017-07-03y01